000 00806nam a2200241Ia 4500
001 583
003 GE_BSU
008 181216s||||||||xx |||||||||||||| ||und||
020 _a9992891114
040 _cGE_BSU
080 _a1(479.22).09
100 _aთევზაძე,გურამ
245 _aXX საუკუნის ფილოსოფიის ისტორია
245 _cრედ.თამაზ ბუაჩიძე
260 _aთბილისი
260 _bთბილისის უნივერსიტეტის გამ–ბა
260 _c2002
300 _a608გვ.
541 _h15ლ.
653 _aXX საუკუნის ფილოსოფიის ისტორია
653 _aფილოსოფია
942 _cBK
999 _c34773
_d34773